[Event "Paul Keres Memorial 2010 (SM version)"]
[Site "SchemingMind.com"]
[Date "2010.02.09"]
[Round "-"]
[White "miriskra"]
[Black "Silvy"]
[Result "0-1"]
[WhiteCountry "WLS"]
[BlackCountry "ITA"]
[WhiteElo "1872"]
[WhiteRD "67"]
[BlackElo "2348"]
[BlackRD "104"]
[GameID "238397"]

1. Nf3 d5 2. g3 Nf6 3. Bg2 Bf5 4. d3 e6 5. O-O h6 6. c4 c6 7. Nbd2 Be7 8. a3 a5 9. b3 O-O 10. Bb2 Nbd7
11. Qe1 Qb6 12. e4 dxe4 13. dxe4 Bh7 14. e5 Ne8 15. Bd4 c5 16. Bc3 Bd3 17. Qe3 Bxf1 18. Bxf1 f5 19. Ne1 Nb8 20. Nc2 Nc6
21. Rb1 Qa7 22. f4 Nc7 23. Nf3 a4 24. b4 b5 25. cxb5 Nd5 26. Qd2 Nxc3
0-1

[Event "Paul Keres Memorial 2010 (SM version)"]
[Site "SchemingMind.com"]
[Date "2010.02.12"]
[Round "-"]
[White "Frenchy"]
[Black "riverriver"]
[Result "0-1"]
[WhiteCountry "CAN"]
[BlackCountry "USA"]
[WhiteElo "1594"]
[WhiteRD "59"]
[BlackElo "1632"]
[BlackRD "82"]
[GameID "238409"]

1. e4 e5 2. Nf3 Nc6 3. d4 exd4 4. Nxd4 Bc5 5. Be3 Qf6 6. c3 Nge7 7. g3 O-O 8. Bg2 d6 9. O-O Bd7 10. Nxc6 Bxc6
0-1

[Event "Paul Keres Memorial 2010 (SM version)"]
[Site "SchemingMind.com"]
[Date "2010.02.09"]
[Round "-"]
[White "Frenchy"]
[Black "Silvy"]
[Result "0-1"]
[WhiteCountry "CAN"]
[BlackCountry "ITA"]
[WhiteElo "1594"]
[WhiteRD "59"]
[BlackElo "2348"]
[BlackRD "104"]
[GameID "238410"]

1. e4 c5 2. Nf3 e6 3. d4 cxd4 4. Nxd4 a6 5. Nc3 Qc7 6. Bd3 Nf6 7. O-O Bc5 8. Nb3 Be7 9. f4 d6 10. a4 Nc6
11. a5 b5 12. axb6 Qxb6+ 13. Kh1 O-O 14. Qe2 Nb4 15. Be3 Qc7
0-1

[Event "Paul Keres Memorial 2010 (SM version)"]
[Site "SchemingMind.com"]
[Date "2010.02.09"]
[Round "-"]
[White "Frenchy"]
[Black "Francisco Aquino"]
[Result "0-1"]
[WhiteCountry "CAN"]
[BlackCountry "BRA"]
[WhiteElo "1594"]
[WhiteRD "59"]
[BlackElo "1735"]
[BlackRD "79"]
[GameID "238411"]

1. e4 e5 2. Nf3 Nc6 3. d4 exd4 4. Nxd4 Nxd4 5. Qxd4 Qf6 6. e5 Qb6 7. Qxb6 axb6 8. Nc3 Bb4 9. Bd2 c6 10. a3 Bc5
11. Bd3 Ne7 12. Ne4 O-O 13. f4 Nd5 14. Nxc5 bxc5 15. O-O b5 16. c4 bxc4 17. Bxc4 Ba6 18. Rac1 Rfb8 19. Bxa6 Rxa6
0-1

[Event "Paul Keres Memorial 2010 (SM version)"]
[Site "SchemingMind.com"]
[Date "2010.02.11"]
[Round "-"]
[White "Frenchy"]
[Black "Norsland"]
[Result "0-1"]
[WhiteCountry "CAN"]
[BlackCountry "USA"]
[WhiteElo "1594"]
[WhiteRD "59"]
[BlackElo "2029"]
[BlackRD "89"]
[GameID "238412"]

1. e4 c5 2. Nf3 d6 3. d4 cxd4 4. Nxd4 Nf6 5. Nc3 a6 6. Be3 Ng4 7. Bg5 h6 8. Bh4 g5 9. Bg3 h5 10. h3 Nf6
11. Qd2 h4 12. Bh2 g4
0-1

[Event "Paul Keres Memorial 2010 (SM version)"]
[Site "SchemingMind.com"]
[Date "2010.02.09"]
[Round "-"]
[White "Frenchy"]
[Black "Ollowain"]
[Result "0-1"]
[WhiteCountry "CAN"]
[BlackCountry "GER"]
[WhiteElo "1594"]
[WhiteRD "59"]
[BlackElo "2123"]
[BlackRD "90"]
[GameID "238413"]

1. e4 e5 2. Nf3 Nc6 3. d4 exd4 4. Nxd4 Nf6 5. Nxc6 bxc6 6. e5 Qe7 7. Qe2 Nd5 8. c4 Ba6 9. b3 O-O-O 10. g3 g5
11. Bb2 Bg7 12. Nd2 Nb4 13. Nf3 g4 14. Nh4 Bb7 15. Bg2 Bxe5
0-1

[Event "Paul Keres Memorial 2010 (SM version)"]
[Site "SchemingMind.com"]
[Date "2010.02.09"]
[Round "-"]
[White "Silvy"]
[Black "Frenchy"]
[Result "1-0"]
[WhiteCountry "ITA"]
[BlackCountry "CAN"]
[WhiteElo "2348"]
[WhiteRD "104"]
[BlackElo "1594"]
[BlackRD "59"]
[GameID "238416"]

1. e4 c5 2. Nf3 d6 3. d4 cxd4 4. Nxd4 Nf6 5. Nc3 a6 6. Be3 e5 7. Nb3 Be6 8. f3 Nbd7 9. Qd2 b5 10. O-O-O Nb6
11. Qf2 Nc4 12. Bxc4 bxc4 13. Na5 Qd7 14. g4 Be7 15. g5 Nh5 16. Nd5 Bxd5 17. Rxd5 Qa4 18. Kb1
1-0

[Event "Paul Keres Memorial 2010 (SM version)"]
[Site "SchemingMind.com"]
[Date "2010.02.09"]
[Round "-"]
[White "Francisco Aquino"]
[Black "Frenchy"]
[Result "1-0"]
[WhiteCountry "BRA"]
[BlackCountry "CAN"]
[WhiteElo "1735"]
[WhiteRD "79"]
[BlackElo "1594"]
[BlackRD "59"]
[GameID "238417"]

1. e4 c5 2. Nf3 d6 3. Bb5+ Nc6 4. O-O Bd7 5. Nc3 Nf6 6. Re1 e6 7. d4 cxd4 8. Nxd4 Qc7 9. Bg5 Be7 10. Nxc6 bxc6
11. Bd3 O-O 12. Qf3 Rab8 13. Rab1 Qa5 14. Bf4 Rb7 15. e5 Ne8 16. exd6 Bxd6 17. Bxd6 Nxd6 18. Ne4 Nxe4 19. Qxe4 f5 20. Qc4
1-0

[Event "Paul Keres Memorial 2010 (SM version)"]
[Site "SchemingMind.com"]
[Date "2010.02.09"]
[Round "-"]
[White "Ollowain"]
[Black "Frenchy"]
[Result "1-0"]
[WhiteCountry "GER"]
[BlackCountry "CAN"]
[WhiteElo "2123"]
[WhiteRD "90"]
[BlackElo "1594"]
[BlackRD "59"]
[GameID "238419"]

1. d4 Nf6 2. c4 g6 3. Nc3 Bg7 4. e4 d6 5. Nf3 O-O 6. Be2 e5 7. O-O Nc6 8. d5 Ne7 9. Ne1 Nd7 10. Nd3 f5
11. Bd2 Nf6 12. f3 f4 13. c5 g5 14. cxd6 cxd6 15. Rc1 Ng6 16. Nb5 Rf7 17. Qc2
1-0